000 00317nam a2200133Ia 4500
008 210312s9999||||xx |||||||||||||| ||und||
041 _aosm
050 _aPL248
050 _bG8.A25
100 _aGüntekin, Reşat Nuri
245 0 _aAcımak
260 _c1928
650 _aEdebiyat--Türk edebiyatı--Roman ve hikaye
999 _c22243
_d22243